000 00430nam a2200169Ia 4500
008 221030s9999 xx 000 0 und d
020 _a8187210095
041 _aEnglish
082 _a105.23
_bLUZ
100 _aW. J. Luzadder
245 0 _aFundamentals of engineering Drawing
_cby W. J. Luzadder , J. M. Duff
260 _bPHI
_aNew Delhi
_c1999
300 _a692
650 _aMechanical
700 _aJ. M. Duff
942 _cBK
999 _c8242
_d8242